Sbírka příkladů ke kursu státní rozpočet

Guardado en:
Detalles Bibliográficos
Autor principal: Kyzlink, Vladimír
Autor Corporativo: Vysoká škola ekonomická v Praze. Národohospodářská fakulta
Otros Autores: Jurčeka, Milan, Novotný, Jiří
Formato: Libro
Lenguaje:checo
Publicado: Praha Státní pedagogické nakladatelství 1981
Etiquetas: Agregar Etiqueta
Sin Etiquetas, Sea el primero en etiquetar este registro!

MARC

LEADER 00000nam a2200000 4500
001 c131613
005 20211005130406.2
041 0 |a cze 
044 |a CZ 
245 1 0 |a Sbírka příkladů ke kursu státní rozpočet  |c Vladimír Kyzlink, Milan Jurčeka, Jiří Novotný 
264 1 |a Praha  |b Státní pedagogické nakladatelství  |c 1981 
300 |a 110 s. 
100 1 |a Kyzlink, Vladimír 
700 1 |a Jurčeka, Milan 
700 1 |a Novotný, Jiří 
710 2 |a Vysoká škola ekonomická v Praze. Národohospodářská fakulta